000 00689nam a2200229Ia 4500
005 20231202114835.0
008 140110s9999 xx 000 0 und d
020 _a9788177083132
_cRs.1285.00
040 _aLoreto College
041 _aEnglish
082 _a396
_bMIS
100 _aMishra,Shyam Kartik
245 _aWomen Status and Empowerment in India,
_cShyam Kartik Mishra and Pradeep Kumar Pandey
260 _aNew Delhi
_bNew Century Publications
_c2012
300 _axxvi,276p
504 _aIncludes bibliographical references and index
650 _aGender studies
651 _aWomen and society
700 _aPanday,Pradeep Kumar
850 _aLCLIB
942 _cBK
999 _c38483
_d88962